000 01041nam a22002417a 4500
005 20240530110534.0
008 160328s2013 ua a g 000 0 ara d
017 _a2012/19118
_bمصر . دار الكتب المصرية
020 _a9789774951220
040 _aEG-CaGPL
082 0 4 _221
_a214.577\
_bإ ب
100 0 _aاسماعيل عبدالفتاح عبدالكافى .
245 1 2 _aالبيئة فى المنظور الاسلامى :
_bمعالجة فساد و تلوث البيئة فى القران الكريم و السنة النبوية /
_cتاليف اسماعيل عبدالفتاح عبدالكافى .
250 _aط1.
260 _aالقاهرة :
_bدار العالم العربى ،
_c2013 .
300 _a275 ص ؛
_c24 سم .
504 _aببليوجرافية : ص 257 - 275
650 0 4 _aالاسلام و البيئة .
650 0 4 _aتلوث البيئة
_xالقران الكريم .
650 0 4 _aتلوث البيئة .
942 _2ddc
_cBK
999 _c62159
_d62159